000 00673nam a22002297a 4500
999 _c13427
_d13427
003 AR-CdUCM
008 190415b ||||| |||| 00| 0 spa d
040 _aMUNICIPALIDAD PROVINCIAL DEL CUSCO
_cBIBLIOTECA MUNICIPAL DEL CUSCO
082 _a869.56 /
_bAG32
100 _aAguirre G., Dida
_931843
245 _aArcilla /
260 _aPerú :
_bLluvia editores,
_c1988.
300 _a90 páginas ;
_c20 cm.
500 _atexto en Español y Quechua.
505 _aContenido: Poemas.
650 _aLiteratura Peruana
_9132
650 _aSiglo XX
_98
650 _aPoemas
_9929
650 _aPoesía Quechua
_911613
942 _2ddc
_cLIBROS
945 _aachl
_d2019-04-15